El tema del viaje en un relato de Alejo Carpentier : El camino de Santiago /

Guardado en:
Bibliografiske detaljer
Hovedforfatter: González Zúñiga, Julián
Format: Ukendt
Sprog:Spanish
Fag:
Tags: Tilføj Tag
Ingen Tags, Vær først til at tagge denne postø!

MARC

LEADER 000000000a22000000004500
001 007177
041 0 |a spa 
100 1 |a González Zúñiga, Julián 
245 1 3 |a El tema del viaje en un relato de Alejo Carpentier :   |b El camino de Santiago /   |c Julián González Zúñiga. 
310 |a semestral 
650 4 |a CARPENTIER, ALEJO, 1904-1980 
650 4 |a EL CAMINO DE SANTIAGO 
650 4 |a LITERATURA CUBANA 
650 4 |a NOVELA 
773 0 |d Heredia, Costa Rica : Instituto de Estudios Latinoamericanos (IDELA)  |t Repertorio Americano. Nueva Época  |g número 6 (1997), páginas 94-99 
942 |c ARC 
999 |c 13295  |d 13295